[Event "Czech Open-GM 2022"]
[Site "Pardubice"]
[Date "2022.07.28"]
[Round "7.43"]
[White "Balazs, Balint"]
[Black "Rabatin, Jakub"]
[Result "1-0"]
[WhiteElo "2174"]
[BlackElo "2349"]
[Annotator "TA"]
[PlyCount "71"]
[EventDate "2022.07.22"]
[EventType "swiss"]
[EventCountry "CZE"]
[SourceTitle "playchess.com"]
[Source "ChessBase"]
[SourceQuality "1"]

1. d4 Nf6 2. Nc3 e6 3. e4 d5 4. exd5 exd5 5. Bd3 c5 6. dxc5 Bxc5 7. Nf3 O-O 8. O-O h6 9. h3 Nc6 10. a3 Be6 11. b4 Bd6 12. Bb2 Rc8 13. Nb5 Bb8 14. Nbd4 Nxd4 15. Bxd4 Ne4 16. c4 Ng5 17. Nxg5 Qxg5 18. cxd5 Bxh3 19. Qf3 Bg4 20. Qe4 f5 21. Qe6+ Kh7 22. Be3 Qh4 23. d6 Rce8 24. Qd5 Kh8 25. Bf4 Be2 26. g3 Qh5 27. Bxe2 Rxe2 28. d7 Bxf4 29. d8=Q Rxd8 30. Qxd8+ Kh7 31. Qd3 Be3 32. Qd5 Qg4 33. Kg2 Bb6 34. Rae1 Rxe1 35. Rxe1 h5 36. Re8 1-0

[Event "Czech Open-GM 2022"]
[Site "Pardubice"]
[Date "2022.07.28"]
[Round "7.44"]
[White "Kistrup, Nicolai"]
[Black "Budzisz, Adrian"]
[Result "0-1"]
[WhiteElo "2310"]
[BlackElo "2152"]
[Annotator "TA"]
[PlyCount "84"]
[EventDate "2022.07.22"]
[EventType "swiss"]
[EventCountry "CZE"]
[SourceTitle "playchess.com"]
[Source "ChessBase"]
[SourceQuality "1"]

1. d4 Nf6 2. c4 e6 3. Nf3 Bb4+ 4. Bd2 Be7 5. g3 O-O 6. Bg2 d5 7. O-O c6 8. Qc2 Nbd7 9. Bf4 b6 10. cxd5 cxd5 11. Rc1 Ba6 12. Nc3 b5 13. a4 b4 14. Nb5 Qb6 15. Bc7 Qb7 16. Qc6 Qxc6 17. Rxc6 Bb7 18. Rcc1 Ne4 19. Ne5 Ndf6 20. f3 Nd2 21. Nc6 Bxc6 22. Rxc6 a6 23. Nd6 Ne8 24. Rd1 Bxd6 25. Bxd6 Nxd6 26. Rxd2 Nc4 27. Rc2 b3 28. Rc1 Rfb8 29. Rb1 Rc8 30. Rc5 Rxc5 31. dxc5 Rc8 32. Rc1 Nxb2 33. Rb1 Nxa4 34. Rxb3 Nxc5 35. Ra3 Kf8 36. Kf2 Ke7 37. e3 Kd6 38. Bf1 Rb8 39. Be2 e5 40. Ke1 Rb6 41. h4 Kc7 42. Kf2 Rb2 0-1

[Event "Czech Open-GM 2022"]
[Site "Pardubice"]
[Date "2022.07.29"]
[Round "8.1"]
[White "Noe, Christopher"]
[Black "Donchenko, Alexander"]
[Result "0-1"]
[WhiteElo "2505"]
[BlackElo "2640"]
[Annotator "TA"]
[PlyCount "120"]
[EventDate "2022.07.22"]
[EventType "swiss"]
[EventCountry "CZE"]
[SourceTitle "playchess.com"]
[Source "ChessBase"]
[SourceQuality "1"]

1. d4 Nf6 2. c4 g6 3. Nc3 Bg7 4. e4 d6 5. h3 O-O 6. Be3 Nc6 7. d5 Ne5 8. f4 Ned7 9. g4 c6 10. Nge2 Qa5 11. Qc2 cxd5 12. cxd5 Nc5 13. Bg2 Bd7 14. O-O Rac8 15. Qd2 b5 16. Ng3 b4 17. Nce2 Bb5 18. Rfc1 Bxe2 19. Qxe2 Nfd7 20. Qd2 Na4 21. Rab1 Ndb6 22. Bf1 Rxc1 23. Qxc1 Rc8 24. Qd2 Nxb2 25. Rxb2 Bxb2 26. Qxb2 Rc3 27. Qd2 Qa3 28. Kf2 Rxe3 29. Qxe3 Qxa2+ 30. Kf3 b3 31. Bd3 b2 32. Qe1 Qb3 33. Qb1 Nc4 34. Ke2 Na3 35. Qd1 b1=Q 36. Bxb1 Qxg3 37. Bd3 Qxf4 38. Qa4 Qh2+ 39. Kd1 Qxh3 40. Qxa3 Qxg4+ 41. Kd2 Qf4+ 42. Kc3 Qf2 43. Qa4 Kg7 44. Qd7 Kf6 45. Qd8 Qe1+ 46. Kb3 Qe3 47. Kc3 h5 48. Qh8+ Kg5 49. Qe8 Qf4 50. Qxe7+ Qf6+ 51. Qxf6+ Kxf6 52. Kd4 g5 53. e5+ dxe5+ 54. Kc5 Ke7 55. d6+ Kd8 56. Kd5 g4 57. Kxe5 g3 58. Be4 a5 59. Kf4 h4 60. Kf3 Kd7 0-1

[Event "Czech Open-GM 2022"]
[Site "Pardubice"]
[Date "2022.07.29"]
[Round "8.2"]
[White "Stocek, Jiri"]
[Black "Stalmach, Richard"]
[Result "1-0"]
[WhiteElo "2548"]
[BlackElo "2363"]
[Annotator "TA"]
[PlyCount "137"]
[EventDate "2022.07.22"]
[EventType "swiss"]
[EventCountry "CZE"]
[SourceTitle "playchess.com"]
[Source "ChessBase"]
[SourceQuality "1"]

1. d4 Nf6 2. Bf4 g6 3. Nc3 d5 4. e3 Bg7 5. h4 c6 6. Bd3 b6 7. Nf3 Bg4 8. Be2 Nbd7 9. Ba6 Nh5 10. Bb7 Nxf4 11. exf4 Rb8 12. Bxc6 e6 13. Qd3 Bxf3 14. Qxf3 O-O 15. h5 Rc8 16. Bxd7 Qxd7 17. O-O-O Rc4 18. hxg6 hxg6 19. g4 Rfc8 20. f5 exf5 21. gxf5 Qxf5 22. Qxf5 gxf5 23. Rd2 Rxd4 24. Rxd4 Bxd4 25. Nxd5 Kg7 26. Rf1 Rh8 27. c3 Bc5 28. Nf4 Bd6 29. Nd3 Kf6 30. Kd2 Rh2 31. Ke2 Rh4 32. Rd1 Ke6 33. b3 b5 34. Kd2 Re4 35. Rh1 f4 36. f3 Re3 37. Re1 Rxe1 38. Nxe1 b4 39. Nd3 bxc3+ 40. Kxc3 Kd5 41. b4 f6 42. Nf2 Be5+ 43. Kd3 a5 44. bxa5 Kc5 45. Ne4+ Kb5 46. Nd2 f5 47. Nb3 Kb4 48. Nd4 Kc5 49. Nxf5 Ba1 50. Ke4 Bf6 51. a4 Bc3 52. a6 Kb6 53. Nd6 Kxa6 54. Nc4 Kb7 55. Kxf4 Kc6 56. Ke4 Kc5 57. Kd3 Bh8 58. f4 Bf6 59. f5 Kd5 60. a5 Bd8 61. a6 Kc6 62. Ke4 Bf6 63. Ne5+ Kc7 64. Kd5 Bg7 65. Nd7 Bb2 66. Ke6 Bd4 67. f6 Kc6 68. f7 Bg7 69. Ke7 1-0

[Event "Czech Open-GM 2022"]
[Site "Pardubice"]
[Date "2022.07.29"]
[Round "8.3"]
[White "Stachowiak, Kamil"]
[Black "Harsha Bharathakoti"]
[Result "0-1"]
[WhiteElo "2476"]
[BlackElo "2547"]
[Annotator "TA"]
[PlyCount "88"]
[EventDate "2022.07.22"]
[EventType "swiss"]
[EventCountry "CZE"]
[SourceTitle "playchess.com"]
[Source "ChessBase"]
[SourceQuality "1"]

1. d4 Nf6 2. g3 d5 3. Bg2 e6 4. Nf3 b5 5. O-O Nbd7 6. a4 b4 7. c4 bxc3 8. bxc3 Ba6 9. a5 Be7 10. Re1 O-O 11. Nbd2 c5 12. Qa4 Rb8 13. Ba3 Rb5 14. c4 Rxa5 15. Qc2 dxc4 16. Nxc4 Bxc4 17. Qxc4 Nd5 18. dxc5 Bxc5 19. Bxc5 Rxc5 20. Qa6 Nb4 21. Qxa7 Nc2 22. Rad1 Nxe1 23. Nxe1 Rc7 24. Qa3 Qc8 25. Nd3 Rd8 26. Ra1 Nc5 27. Nf4 Rcd7 28. h4 Rd1+ 29. Rxd1 Rxd1+ 30. Kh2 Nd7 31. Qb3 Rc1 32. Bh3 Nf8 33. Bg2 Rc3 34. Qb1 Nd7 35. Bf3 Ne5 36. Be4 Ng4+ 37. Kg2 Nf6 38. Bf3 Qd8 39. Qb2 Rc8 40. h5 h6 41. Nd3 Qc7 42. Qb5 Rb8 43. Qa4 e5 44. Kg1 Qe7 0-1

[Event "Czech Open-GM 2022"]
[Site "Pardubice"]
[Date "2022.07.29"]
[Round "8.4"]
[White "Moksh Amit Doshi"]
[Black "Bronstein, Or"]
[Result "1-0"]
[WhiteElo "2409"]
[BlackElo "2476"]
[Annotator "TA"]
[PlyCount "207"]
[EventDate "2022.07.22"]
[EventType "swiss"]
[EventCountry "CZE"]
[SourceTitle "playchess.com"]
[Source "ChessBase"]
[SourceQuality "1"]

1. d4 Nf6 2. c4 e6 3. Nc3 d5 4. cxd5 exd5 5. Bg5 c6 6. e3 h6 7. Bh4 Be7 8. Bd3 O-O 9. Nge2 Re8 10. O-O Nbd7 11. a4 Nh5 12. Bxe7 Qxe7 13. a5 Ndf6 14. Nc1 Qd6 15. Be2 g6 16. Nd3 Ng7 17. Ne5 h5 18. Qb3 Ng4 19. Bxg4 hxg4 20. e4 Ne6 21. Qd1 Nxd4 22. Nxf7 Kxf7 23. Qxd4 Qe5 24. Ra4 Qxd4 25. Rxd4 Be6 26. exd5 cxd5 27. Nxd5 Rac8 28. Ne3 Red8 29. Rb4 Rc7 30. Nxg4 Rd5 31. Rf4+ Kg7 32. b4 g5 33. Re4 Bf5 34. Re5 Rxe5 35. Nxe5 Kf6 36. Re1 Rc3 37. Nf3 Rc4 38. h3 Rxb4 39. Rc1 Rb5 40. a6 Be4 41. Nd4 Rb4 42. axb7 Bxb7 43. Nc6 Ra4 44. Rc5 Ra6 45. Nd4 Ra4 46. Nc6 Ra6 47. Na5 Be4 48. f3 Bd3 49. Rd5 Bf5 50. Kf2 Be6 51. Rc5 Rd6 52. Nc4 Ra6 53. Kg3 Bd7 54. Ne3 Be6 55. Nd1 Bf5 56. Nc3 Kg6 57. Nd5 Bd7 58. Rc7 Bb5 59. Ne7+ Kf6 60. Nd5+ Kg6 61. Rb7 Bf1 62. Ne3 Bd3 63. Rd7 Bb5 64. Rd5 Be2 65. Kf2 Ra2 66. Rd6+ Kf7 67. Kg3 Ra3 68. Ng4 Ra2 69. Nf2 Bf1 70. Rd1 Bc4 71. Rc1 Bd5 72. Nd3 Ra3 73. Nb4 Be6 74. Nc6 Bd5 75. Nd4 Rd3 76. Nc6 Ra3 77. Ne5+ Ke6 78. Re1 Kf6 79. Ng4+ Kg6 80. Re5 Rd3 81. Kf2 Bb3 82. Ra5 Rd2+ 83. Kg3 Ra2 84. Re5 a5 85. Nf2 Kh6 86. Rc5 a4 87. Nd3 Rc2 88. Ra5 Bc4 89. Nf2 Bb3 90. Ne4 Ra2 91. Ra6+ Kg7 92. Nxg5 Bc4 93. Ra7+ Kg6 94. Ne4 Bf1 95. Nf2 a3 96. h4 Bc4 97. Ng4 Bb3 98. Ra6+ Kg7 99. h5 Ra1 100. Ra7+ Kf8 101. h6 a2 102. h7 Rh1 103. Nh2 a1=Q 104. Rxa1 1-0

[Event "Czech Open-GM 2022"]
[Site "Pardubice"]
[Date "2022.07.29"]
[Round "8.5"]
[White "Brodowski, Piotr"]
[Black "Simek, Petr"]
[Result "1/2-1/2"]
[WhiteElo "2450"]
[BlackElo "2348"]
[Annotator "TA"]
[PlyCount "111"]
[EventDate "2022.07.22"]
[EventType "swiss"]
[EventCountry "CZE"]
[SourceTitle "playchess.com"]
[Source "ChessBase"]
[SourceQuality "1"]

1. c4 e5 2. g3 Nf6 3. Nc3 Bb4 4. Bg2 O-O 5. Qb3 Na6 6. a3 Bxc3 7. Qxc3 Re8 8. d3 d5 9. Bg5 d4 10. Qc2 Nc5 11. b4 Ne6 12. Bd2 c6 13. Nf3 Qc7 14. O-O h6 15. e3 c5 16. exd4 exd4 17. Rfe1 b6 18. bxc5 bxc5 19. Rab1 Rb8 20. Rxb8 Qxb8 21. Rb1 Qc7 22. Qb3 Nd7 23. Qa4 Kf8 24. Ba5 Qd6 25. Nd2 f5 26. Qc6 Qxc6 27. Bxc6 Ke7 28. Nf3 Kd6 29. Ba4 Ba6 30. Nh4 Rf8 31. Ng6 Rf6 32. Bxd7 Kxd7 33. Ne5+ Kd6 34. f4 Rf8 35. Kf2 Re8 36. h3 h5 37. Bd2 Rf8 38. Kf3 Kc7 39. g4 hxg4+ 40. hxg4 Bb7+ 41. Kg3 fxg4 42. Ba5+ Kc8 43. Ng6 Re8 44. Kxg4 Bc6 45. Ne5 Ba4 46. f5 Nf8 47. Kf4 Re7 48. Rh1 Nd7 49. Rh8+ Kb7 50. Ng6 Re2 51. Rg8 Rf2+ 52. Kg5 Rg2+ 53. Kh4 Rf2 54. Kg5 Rg2+ 55. Kh4 Rf2 56. Kg5 1/2-1/2

[Event "Czech Open-GM 2022"]
[Site "Pardubice"]
[Date "2022.07.29"]
[Round "8.6"]
[White "Haring, Filip"]
[Black "Savitha Shri B"]
[Result "1-0"]
[WhiteElo "2451"]
[BlackElo "2278"]
[Annotator "TA"]
[PlyCount "49"]
[EventDate "2022.07.22"]
[EventType "swiss"]
[EventCountry "CZE"]
[SourceTitle "playchess.com"]
[Source "ChessBase"]
[SourceQuality "1"]

1. e4 c5 2. Nf3 e6 3. g3 b6 4. d4 cxd4 5. Nxd4 Bb7 6. Bg2 a6 7. O-O d6 8. Re1 Qc7 9. Nc3 Nf6 10. Nd5 exd5 11. exd5+ Kd8 12. Bg5 Bc8 13. a4 Be7 14. Ra3 Ra7 15. Rc3 Qd7 16. Be3 Ke8 17. Nc6 Nxc6 18. dxc6 Qc7 19. a5 bxa5 20. Bxa7 Qxa7 21. c7 Kf8 22. Qe2 Ng8 23. Bh3 Qb7 24. Bxc8 Qxc8 25. Qxa6 1-0

[Event "Czech Open-GM 2022"]
[Site "Pardubice"]
[Date "2022.07.29"]
[Round "8.7"]
[White "Gnojek, Petr"]
[Black "Dobrowolski, Piotr"]
[Result "1/2-1/2"]
[WhiteElo "2295"]
[BlackElo "2423"]
[Annotator "TA"]
[PlyCount "119"]
[EventDate "2022.07.22"]
[EventType "swiss"]
[EventCountry "CZE"]
[SourceTitle "playchess.com"]
[Source "ChessBase"]
[SourceQuality "1"]

1. d4 Nf6 2. c4 g6 3. f3 Bg7 4. e4 d6 5. Nc3 O-O 6. Be3 c5 7. Nge2 Nc6 8. d5 Ne5 9. Ng3 h5 10. Be2 h4 11. Nf1 e6 12. Nd2 h3 13. g4 exd5 14. cxd5 Nh7 15. Rg1 Qh4+ 16. Bf2 Qf6 17. Nc4 Nxc4 18. Bxc4 b5 19. Bxb5 Rb8 20. Rb1 Bh6 21. Bg3 Be3 22. Rf1 Bd4 23. Ke2 Qe7 24. Qd2 f5 25. gxf5 gxf5 26. Bd3 Bd7 27. Qh6 Rf6 28. Qh4 Qg7 29. Bf2 Rh6 30. Rg1 Rxh4 31. Rxg7+ Kxg7 32. Bxh4 Be5 33. exf5 Bxh2 34. b3 Be5 35. Rg1+ Kf7 36. Ne4 c4 37. bxc4 h2 38. Rh1 Bf4 39. Bg3 Rb2+ 40. Kf1 Bxg3 41. Nxg3 Rxa2 42. Ne2 Ra1+ 43. Kg2 Rxh1 44. Kxh1 a5 45. Kxh2 a4 46. Nd4 a3 47. Bb1 Ba4 48. Kg3 Nf8 49. Kf2 Nd7 50. Ke3 Kf6 51. f4 Nc5 52. Nb5 Bxb5 53. cxb5 Na4 54. Kd4 Nb6 55. Kc3 Nxd5+ 56. Kb3 a2 57. Bxa2 Kxf5 58. Ka4 Nc3+ 59. Ka5 Nxb5 60. Kxb5 1/2-1/2

[Event "Czech Open-GM 2022"]
[Site "Pardubice"]
[Date "2022.07.29"]
[Round "8.8"]
[White "Tahay, Alexis"]
[Black "Aradhya, Garg"]
[Result "1/2-1/2"]
[WhiteElo "2393"]
[BlackElo "2229"]
[Annotator "TA"]
[PlyCount "140"]
[EventDate "2022.07.22"]
[EventType "swiss"]
[EventCountry "CZE"]
[SourceTitle "playchess.com"]
[Source "ChessBase"]
[SourceQuality "1"]

1. e4 e5 2. Nf3 Nc6 3. Bb5 a6 4. Ba4 Nf6 5. O-O Be7 6. d3 b5 7. Bb3 d6 8. a3 Na5 9. Ba2 c5 10. Nc3 Be6 11. Bg5 O-O 12. Bxf6 Bxf6 13. Nd5 Nc6 14. c3 g6 15. b4 Bg7 16. Qe2 cxb4 17. axb4 a5 18. Rfb1 axb4 19. Nxb4 Bxa2 20. Rxa2 Nxb4 21. Rxb4 Qd7 22. h3 d5 23. Rab2 Ra5 24. Qe3 Rc8 25. R4b3 d4 26. cxd4 exd4 27. Qf4 h6 28. g4 Rc3 29. Kg2 Rxb3 30. Rxb3 Ra8 31. e5 Qd5 32. Rb4 Re8 33. Rxd4 Bxe5 34. Rxd5 Bxf4 35. Rxb5 Re2 36. Kf1 Ra2 37. Rb4 Bd6 38. Re4 Kg7 39. Rc4 Kf6 40. Ne1 Ra5 41. Rd4 Be5 42. Re4 Bd6 43. h4 Ra2 44. Nf3 Bc5 45. Rf4+ Ke6 46. Ne1 f5 47. h5 gxh5 48. d4 Bd6 49. gxf5+ Kf6 50. Rh4 Kg5 51. Rh3 Ra1 52. Ke2 Ra2+ 53. Kf1 Ra1 54. Rb3 Kxf5 55. Ke2 Ra5 56. Re3 Ra2+ 57. Kf1 Ra3 58. Nd3 Ra4 59. Ne1 Rxd4 60. Rd3 Be5 61. Rxd4 Bxd4 62. Nf3 Ba7 63. Kg2 Kf4 64. Ng1 Kg4 65. Nh3 Bb6 66. Ng1 Bc7 67. Nh3 h4 68. Ng1 Bb6 69. Nh3 h5 70. Ng1 Bc7 1/2-1/2

[Event "Czech Open-GM 2022"]
[Site "Pardubice"]
[Date "2022.07.29"]
[Round "8.9"]
[White "Sarkar, Justin"]
[Black "Klabis, Rokas"]
[Result "1/2-1/2"]
[WhiteElo "2346"]
[BlackElo "2382"]
[Annotator "TA"]
[PlyCount "86"]
[EventDate "2022.07.22"]
[EventType "swiss"]
[EventCountry "CZE"]
[SourceTitle "playchess.com"]
[Source "ChessBase"]
[SourceQuality "1"]

1. c4 Nf6 2. Nc3 e6 3. e4 d5 4. cxd5 exd5 5. e5 d4 6. exf6 dxc3 7. Bb5+ c6 8. Qe2+ Be6 9. Bc4 cxd2+ 10. Bxd2 Qxf6 11. Nf3 Be7 12. O-O-O Nd7 13. Bxe6 Qxe6 14. Rhe1 O-O-O 15. Qxe6 fxe6 16. Rxe6 Bc5 17. Ng5 Rde8 18. Rxe8+ Rxe8 19. Re1 Rxe1+ 20. Bxe1 Nf8 21. Bc3 Be7 22. Ne4 Ne6 23. Be5 Kd7 24. f4 g6 25. g4 Nc5 26. Nxc5+ Bxc5 27. Kc2 Ke6 28. Kd3 Kd5 29. h3 b5 30. b3 Bb6 31. Bg7 Bg1 32. f5 gxf5 33. gxf5 Bh2 34. a4 a6 35. Bh8 c5 36. axb5 axb5 37. f6 Bd6 38. Bg7 c4+ 39. bxc4+ bxc4+ 40. Kc2 Be5 41. Bh8 Ke6 42. f7 Bd6 43. Kc3 Kxf7 1/2-1/2

[Event "Czech Open-GM 2022"]
[Site "Pardubice"]
[Date "2022.07.29"]
[Round "8.10"]
[White "Luch, Michal"]
[Black "Mladek, Richard"]
[Result "0-1"]
[WhiteElo "2375"]
[BlackElo "2330"]
[Annotator "TA"]
[PlyCount "76"]
[EventDate "2022.07.22"]
[EventType "swiss"]
[EventCountry "CZE"]
[SourceTitle "playchess.com"]
[Source "ChessBase"]
[SourceQuality "1"]

1. d4 d5 2. c4 e6 3. Nc3 Nf6 4. cxd5 exd5 5. Bg5 c6 6. e3 h6 7. Bh4 Be7 8. Qc2 O-O 9. Bd3 Re8 10. Nge2 Nbd7 11. O-O a5 12. f3 b5 13. e4 b4 14. Na4 dxe4 15. fxe4 c5 16. Bxf6 Nxf6 17. Nxc5 Bg4 18. Rad1 Bxc5 19. dxc5 Re5 20. h3 Bxe2 21. Bxe2 Qe7 22. Rc1 Rc8 23. c6 Qa7+ 24. Kh2 Qc7 25. Kg1 Qb6+ 26. Kh2 Re6 27. Bc4 Rcxc6 28. Qb3 a4 29. Qf3 Rxe4 30. b3 g5 31. Kh1 Kg7 32. Rcd1 Rd6 33. Rxd6 Qxd6 34. Rd1 Qe5 35. Qf2 Rf4 36. Qa7 Ne4 37. Kg1 Nd2 38. Qxa4 Nf3+ 0-1

[Event "Czech Open-GM 2022"]
[Site "Pardubice"]
[Date "2022.07.29"]
[Round "8.11"]
[White "Nurkiewicz, Maciej"]
[Black "Jurcik, Marian"]
[Result "1-0"]
[WhiteElo "2332"]
[BlackElo "2409"]
[Annotator "TA"]
[PlyCount "77"]
[EventDate "2022.07.22"]
[EventType "swiss"]
[EventCountry "CZE"]
[SourceTitle "playchess.com"]
[Source "ChessBase"]
[SourceQuality "1"]

1. e4 c5 2. Nf3 e6 3. d4 cxd4 4. Nxd4 Nc6 5. Nc3 Nf6 6. Ndb5 Bb4 7. a3 Bxc3+ 8. Nxc3 d5 9. exd5 exd5 10. Bd3 O-O 11. O-O d4 12. Ne2 Bg4 13. Bg5 Qd6 14. Qd2 Rfe8 15. Rfe1 h6 16. Bh4 Rad8 17. h3 Bc8 18. Ng3 Re5 19. Ne4 Nxe4 20. Bxe4 Rde8 21. Bg3 f5 22. Bxe5 Nxe5 23. Bd3 Qg6 24. Qf4 Qg5 25. Qxg5 hxg5 26. Re2 Kf7 27. Rae1 Kf6 28. Kf1 Bd7 29. h4 g4 30. f4 gxf3 31. gxf3 Re7 32. f4 Ng6 33. Rxe7 Nxe7 34. Kf2 g6 35. Bc4 b5 36. Bb3 Nc6 37. Bd5 Ne7 38. Bb7 a5 39. Re5 1-0

[Event "Czech Open-GM 2022"]
[Site "Pardubice"]
[Date "2022.07.29"]
[Round "8.12"]
[White "Plat, Vojtech"]
[Black "Dixit, Nikhil"]
[Result "1/2-1/2"]
[WhiteElo "2554"]
[BlackElo "2325"]
[Annotator "TA"]
[PlyCount "77"]
[EventDate "2022.07.22"]
[EventType "swiss"]
[EventCountry "CZE"]
[SourceTitle "playchess.com"]
[Source "ChessBase"]
[SourceQuality "1"]

1. d4 Nf6 2. c4 g6 3. g3 Bg7 4. Bg2 O-O 5. Nc3 d6 6. Nf3 c6 7. O-O Bf5 8. Nh4 Be6 9. d5 Bd7 10. Be3 Na6 11. Rc1 cxd5 12. cxd5 Qa5 13. a3 Rfc8 14. Bd4 Nc7 15. e4 Nb5 16. Nxb5 Qxb5 17. Bc3 Qa4 18. Qf3 Ng4 19. Bxg7 Kxg7 20. h3 Nf6 21. Qe3 Qb5 22. e5 dxe5 23. Qxe5 Qb6 24. g4 Qd6 25. f4 h6 26. Rce1 Rc2 27. b4 Bb5 28. Rf3 Qxd5 29. Rf2 Qxe5 30. Rxe5 Rxf2 31. Kxf2 Bc6 32. Rxe7 Kf8 33. Re5 Bxg2 34. Nxg2 Rc8 35. Ne3 Rc3 36. g5 hxg5 37. fxg5 Nd7 38. Rd5 Nb6 39. Rd8+ 1/2-1/2

[Event "Czech Open-GM 2022"]
[Site "Pardubice"]
[Date "2022.07.29"]
[Round "8.13"]
[White "Pantzar, Milton"]
[Black "Kokoszczynski, Jan"]
[Result "1/2-1/2"]
[WhiteElo "2447"]
[BlackElo "2297"]
[Annotator "TA"]
[PlyCount "118"]
[EventDate "2022.07.22"]
[EventType "swiss"]
[EventCountry "CZE"]
[SourceTitle "playchess.com"]
[Source "ChessBase"]
[SourceQuality "1"]

1. d4 Nf6 2. c4 e6 3. Nf3 d5 4. g3 dxc4 5. Bg2 Bb4+ 6. Nbd2 b5 7. a3 Be7 8. a4 c6 9. O-O O-O 10. Qc2 a5 11. b3 cxb3 12. Nxb3 Ba6 13. Bd2 b4 14. Bc1 Qb6 15. Ne5 Rc8 16. Bb2 Ra7 17. Rfc1 Rac7 18. Nc5 Nbd7 19. Nf3 h6 20. e3 Rd8 21. h3 Qa7 22. Ne1 Nxc5 23. dxc5 Rcd7 24. Bd4 Nd5 25. Nf3 Bf6 26. Bxf6 Nxf6 27. Nd4 Qc7 28. Bf3 Nd5 29. Qe4 Bb7 30. Kg2 Nf6 31. Qc2 Qe5 32. Nb3 Rd3 33. Rd1 Rxd1 34. Rxd1 Qc7 35. Rxd8+ Qxd8 36. Qd1 Qxd1 37. Bxd1 Nd7 38. Bf3 Kf8 39. Kf1 Ke7 40. Ke1 Kd8 41. Kd2 Kc7 42. Be2 Nf6 43. f3 Nd5 44. Nxa5 Nc3 45. Bd1 Ba6 46. e4 Bf1 47. h4 e5 48. Bb3 f6 49. Ke3 Be2 50. f4 Bd1 51. fxe5 fxe5 52. Bxd1 Nxd1+ 53. Kd2 Nb2 54. Nb3 Nxa4 55. Kd3 Nb2+ 56. Kc2 Na4 57. Kd3 Nb2+ 58. Kc2 Nc4 59. Kd3 Nb2+ 1/2-1/2

[Event "Czech Open-GM 2022"]
[Site "Pardubice"]
[Date "2022.07.29"]
[Round "8.14"]
[White "Smith, Bryan"]
[Black "Hansch, Karsten"]
[Result "1/2-1/2"]
[WhiteElo "2421"]
[BlackElo "2320"]
[Annotator "TA"]
[PlyCount "111"]
[EventDate "2022.07.22"]
[EventType "swiss"]
[EventCountry "CZE"]
[SourceTitle "playchess.com"]
[Source "ChessBase"]
[SourceQuality "1"]

1. e4 c6 2. d4 d5 3. e5 Bf5 4. h4 h5 5. Bg5 Qb6 6. Bd3 Bxd3 7. Qxd3 Qa6 8. Qh3 e6 9. Nc3 Ne7 10. Nge2 Nd7 11. O-O Nf5 12. Rad1 Be7 13. Ng3 Bxg5 14. Nxf5 exf5 15. hxg5 g6 16. b3 Nf8 17. Na4 Ne6 18. Nc5 Qb6 19. Nxe6 fxe6 20. c4 Kf7 21. Qc3 Rhd8 22. a4 a5 23. c5 Qb4 24. Qe3 Kg7 25. Rd3 Rh8 26. Qf4 Rh7 27. Rh3 Rf8 28. Rc1 Kg8 29. Rcc3 Rhf7 30. Rhf3 Kg7 31. g3 Kg8 32. Kg2 Rh7 33. Rc1 Kg7 34. Rh1 Rfh8 35. Qe3 Kf7 36. Rf4 Kg8 37. Qd3 Kg7 38. Rfh4 Kg8 39. Qe3 b6 40. cxb6 Rb7 41. Rc1 Rxb6 42. Rc3 Kg7 43. Qc1 Rc8 44. Rf4 Kf7 45. Qc2 Ke8 46. Qd2 Kd7 47. Rh4 Rc7 48. Rf4 Rc8 49. Qc1 Rc7 50. Qe3 Rcb7 51. Rf3 Rc7 52. Rc5 Rcb7 53. Qf4 Qe1 54. Re3 Qd1 55. Rec3 Ra6 56. Qe3 1/2-1/2

[Event "Czech Open-GM 2022"]
[Site "Pardubice"]
[Date "2022.07.29"]
[Round "8.15"]
[White "Lalic, Bogdan"]
[Black "Klimakovs, Sergejs"]
[Result "1-0"]
[WhiteElo "2412"]
[BlackElo "2266"]
[Annotator "TA"]
[PlyCount "83"]
[EventDate "2022.07.22"]
[EventType "swiss"]
[EventCountry "CZE"]
[SourceTitle "playchess.com"]
[Source "ChessBase"]
[SourceQuality "1"]

1. Nf3 Nf6 2. c4 c5 3. Nc3 b6 4. g3 Bb7 5. Bg2 g6 6. O-O Bg7 7. d4 Ne4 8. Na4 cxd4 9. Nxd4 O-O 10. Be3 Na6 11. Qc2 Nd6 12. Bxb7 Nxb7 13. Rfd1 Nd6 14. Rac1 Rc8 15. Qb3 Nc5 16. Qa3 Ne6 17. Nxe6 fxe6 18. c5 Nf5 19. cxb6 Rxc1 20. Rxc1 Nxe3 21. Qxe3 axb6 22. Nxb6 Qe8 23. Rc8 Qf7 24. Rxf8+ Qxf8 25. Nxd7 Qf5 26. Nc5 Qb1+ 27. Kg2 Qxa2 28. b3 Qa8+ 29. f3 e5 30. Qe4 Qxe4 31. fxe4 Kf7 32. b4 Bh6 33. Kf3 Bd2 34. b5 Bb4 35. Nd7 Bd6 36. Nb6 Bc5 37. Nc4 Ke6 38. e3 Bd6 39. Kg4 h6 40. h4 Bc5 41. h5 g5 42. b6 1-0

[Event "Czech Open-GM 2022"]
[Site "Pardubice"]
[Date "2022.07.29"]
[Round "8.16"]
[White "Slovak, Kilian"]
[Black "Hollan, Martin"]
[Result "1/2-1/2"]
[WhiteElo "2321"]
[BlackElo "2399"]
[Annotator "TA"]
[PlyCount "53"]
[EventDate "2022.07.22"]
[EventType "swiss"]
[EventCountry "CZE"]
[SourceTitle "playchess.com"]
[Source "ChessBase"]
[SourceQuality "1"]

1. e4 c5 2. Nf3 Nc6 3. d4 cxd4 4. Nxd4 Nf6 5. Nc3 e6 6. Ndb5 Bc5 7. Bf4 O-O 8. Bc7 Qe7 9. Bd6 Bxd6 10. Qxd6 Ne8 11. Qxe7 Nxe7 12. O-O-O f5 13. f3 fxe4 14. Nxe4 d5 15. Ned6 Nxd6 16. Nxd6 Rd8 17. Nxc8 Raxc8 18. f4 Rd6 19. Bd3 Nc6 20. a3 Na5 21. Kb1 Nc4 22. Rhe1 g6 23. b3 Nb6 24. Re2 Nd7 25. Rde1 Nc5 26. Re3 Rf8 27. g3 1/2-1/2

[Event "Czech Open-GM 2022"]
[Site "Pardubice"]
[Date "2022.07.29"]
[Round "8.17"]
[White "Strebkovs, Andrejs"]
[Black "Finek, Vaclav"]
[Result "0-1"]
[WhiteElo "2283"]
[BlackElo "2393"]
[Annotator "TA"]
[PlyCount "102"]
[EventDate "2022.07.22"]
[EventType "swiss"]
[EventCountry "CZE"]
[SourceTitle "playchess.com"]
[Source "ChessBase"]
[SourceQuality "1"]

1. e4 c5 2. c3 Nf6 3. e5 Nd5 4. Nf3 Nc6 5. Bc4 Nb6 6. Be2 d6 7. exd6 Qxd6 8. d4 cxd4 9. Nxd4 Nxd4 10. cxd4 g6 11. Nc3 Bg7 12. Nb5 Qd8 13. Be3 O-O 14. O-O Nd5 15. Nc3 Nxe3 16. fxe3 e5 17. dxe5 Qg5 18. Nd5 Bxe5 19. Qb3 Be6 20. e4 Qh4 21. g3 Qxe4 22. Bf3 Qd4+ 23. Kg2 Qd2+ 24. Kh1 Rad8 25. Rad1 Qxb2 26. Qxb2 Bxb2 27. Rf2 Ba3 28. Rfd2 Kh8 29. Nf4 Rxd2 30. Rxd2 Bc8 31. Rd3 Bc5 32. Rc3 Bd6 33. Nd3 b6 34. Nf2 Be6 35. a3 Rc8 36. Rd3 Rc1+ 37. Kg2 Bc5 38. Be4 Kg7 39. Nd1 Rc2+ 40. Kf3 Rxh2 41. Bc6 Ra2 42. a4 Bf5 43. Rd8 h5 44. Bb5 Ra3+ 45. Kg2 Be4+ 46. Kh3 h4 47. Re8 Bc2 48. Nb2 Rxg3+ 49. Kxh4 Bf2 50. Re2 g5+ 51. Kh5 Bg6# 0-1